000 00872nam a2200253Ia 4500
003 OSt
005 20221007121018.0
006 a|||||r|||| 00| 0
007 ta
008 221006b |||||||| |||| 00| 0 eng d
020 _a8185038155 (hbd)
024 _a85130
037 _cTextbook
040 _aBDL
_cBDL
_beng
041 _2eng
_aeng
082 _aU671.2k, K2.6 Carb
100 _aNational Institute of Science Communication and Inforamtion Resources
_9710467
245 0 _aWealth of India:a dictionary of Indian raw materials and industrial products
260 _aNew
_bDelhi NISCAIR
_c1962
490 _vV.6.
500 _aIncludes bibliographical references.; Index I-XIVp.
942 _hU671.2k, K2.6 Carb
_cTB
_2CC
999 _c1208318
_d1208318